[Event "DVM U14 2015"]
[Site "Verden/Aller GER"]
[Date "2015.12.27"]
[Round "1"]
[White "Rothenberg, Jannik"]
[Black "Summers, Jan"]
[Result "1-0"]
[Termination "normal"]
[Board "5.4"]
[WhiteElo "1430"]
[BlackElo "1185"]
[WhiteTeam "Post SV Uelzen"]
[BlackTeam "Königsspringer SC 1984"]
[PlyCount "45"]
[WhiteFideId "16204743"]
[BlackFideId "16217624"]
[EventCountry "GER"]
[EventRounds "7"]
[EventType "team-swiss"]
[EventDate "2015.12.26"]

1. d4 d5 2. c4 dxc4 3. Nf3 Nf6 4. e3 e6 5. Bxc4 a6 6. O-O c5 7. Bb3 Nbd7 8. Nc3
b5 9. d5 c4 10. dxe6 fxe6 11. Bc2 Bc5 12. Nd4 Qb6 13. b3 O-O 14. bxc4 bxc4 15.
Na4 Qd6 16. Nxc5 Nxc5 17. Ba3 e5 18. Nf3 Qxd1 19. Rfxd1 Nfd7 20. Nxe5 Nxe5 21.
Bxc5 Rf7 22. Rd8+ Rf8 23. Rxf8# 1-0

[Event "DVM U14 2015"]
[Site "Verden/Aller GER"]
[Date "2015.12.27"]
[Round "1"]
[White "Wiesner, Alexander"]
[Black "Hermanns, Till"]
[Result "1-0"]
[Termination "normal"]
[Board "6.1"]
[WhiteElo "1886"]
[BlackElo "1586"]
[WhiteTeam "Karlsruher SF 1853"]
[BlackTeam "SC Landskrone"]
[PlyCount "113"]
[WhiteFideId "12943991"]
[BlackFideId "12972347"]
[EventCountry "GER"]
[EventRounds "7"]
[EventType "team-swiss"]
[EventDate "2015.12.26"]

1. e4 e6 2. d4 d5 3. Nd2 Nf6 4. e5 Nfd7 5. f4 c5 6. c3 Nc6 7. Ngf3 Qb6 8. Nb3
a5 9. dxc5 Nxc5 10. Be3 a4 11. Nbd4 Ne4 12. Qc2 a3 13. b3 Nxc3 14. Bd3 Bc5 15.
Qf2 Ne4 16. Qg1 Nxd4 17. Bxd4 Bxd4 18. Qxd4 Qxd4 19. Nxd4 Nc5 20. Kd2 Nxd3 21.
Kxd3 Bd7 22. Rac1 Ke7 23. Rc7 Rhb8 24. Kd2 Kd8 25. Rhc1 Rc8 26. Rxb7 Rxc1 27.
Kxc1 Kc8 28. Rb6 Kc7 29. Rd6 Ra5 30. Kd2 h6 31. b4 Ra4 32. Kc3 Be8 33. Nb3 Ra8
34. Nc5 Bc6 35. Kb3 Ra7 36. Kc3 Ra8 37. Nb3 Rd8 38. Rxd8 Kxd8 39. Nd4 Kc7 40.
Kb3 Kb6 41. Kxa3 Bd7 42. Kb3 Be8 43. a4 Bd7 44. b5 Kc5 45. Kc3 Kb6 46. Kb4 Be8
47. a5+ Kb7 48. Kc5 Kc7 49. a6 Bd7 50. b6+ Kb8 51. Kd6 Ba4 52. a7+ Kb7 53.
a8=Q+ Kxa8 54. Kc7 g5 55. b7+ Ka7 56. b8=Q+ Ka6 57. Qb6# 1-0

[Event "DVM U14 2015"]
[Site "Verden/Aller GER"]
[Date "2015.12.27"]
[Round "1"]
[White "Lorenz, Tobias"]
[Black "Koll, Lukas"]
[Result "0-1"]
[Termination "normal"]
[Board "6.2"]
[WhiteElo "1716"]
[BlackElo "1633"]
[WhiteTeam "SC Landskrone"]
[BlackTeam "Karlsruher SF 1853"]
[PlyCount "118"]
[WhiteFideId "12977500"]
[BlackFideId "12969737"]
[EventCountry "GER"]
[EventRounds "7"]
[EventType "team-swiss"]
[EventDate "2015.12.26"]

1. d4 d6 2. Nf3 g6 3. c4 Bg7 4. e4 Nf6 5. Nc3 O-O 6. Bg5 Nbd7 7. Qc2 Re8 8. Bd3
h6 9. Be3 e5 10. d5 Ng4 11. Qd2 Nxe3 12. Qxe3 a6 13. Nd2 Qe7 14. f3 Bf6 15.
O-O-O b6 16. Qf2 Nc5 17. Bc2 a5 18. a4 Bd7 19. h4 Rac8 20. g4 c6 21. h5 {(=)}
Bg5 22. b3 Qf6 23. Rdf1 Qf4 24. Rh2 Qe3 25. Qxe3 Bxe3 26. Re1 Bf4 27. Rhh1 Na6
28. Ne2 Kg7 29. Nxf4 exf4 30. Rh2 c5 31. hxg6 fxg6 32. Rhe2 Re5 33. Rh1 Nb4 34.
Bb1 Rh8 35. Reh2 h5 36. Kd1 Kf6 37. Ke2 {(=)} Be8 38. Nf1 Na6 39. Bd3 Nb8 40.
Nd2 Nd7 41. Kf2 Re7 42. gxh5 Rxh5 43. Rxh5 gxh5 44. Bf1 Ke5 45. Bh3 Kf6 46. Nb1
Ne5 47. Ke2 Rg7 48. Nc3 Rg3 49. Nb5 Bxb5 50. cxb5 Nxf3 51. Kf2 Ng5 52. Bf5 Rxb3
53. Rxh5 Rb4 54. Rh6+ Ke5 55. Ke2 Nxe4 56. Bxe4 Rxe4+ 57. Kf3 Rxa4 58. Rh5+ Kd4
59. Kxf4 c4 0-1

[Event "DVM U14 2015"]
[Site "Verden/Aller GER"]
[Date "2015.12.27"]
[Round "1"]
[White "Koll, Linus"]
[Black "Dittenberger, Timo"]
[Result "1-0"]
[Termination "normal"]
[Board "6.3"]
[WhiteElo "1462"]
[BlackElo "1481"]
[WhiteTeam "Karlsruher SF 1853"]
[BlackTeam "SC Landskrone"]
[PlyCount "121"]
[WhiteFideId "12990299"]
[BlackFideId "12977519"]
[EventCountry "GER"]
[EventRounds "7"]
[EventType "team-swiss"]
[EventDate "2015.12.26"]

1. e4 c5 2. Nf3 g6 3. d4 Bg7 4. Be3 Nf6 5. Nc3 Ng4 6. Qd2 Nxe3 7. fxe3 Qb6 8.
O-O-O O-O 9. Nd5 Qd8 10. Bd3 e6 11. Nf4 Qb6 12. c3 Nc6 13. g4 a5 14. a4 Qb3 15.
Qc2 Qxc2+ 16. Kxc2 d6 17. g5 e5 18. dxe5 Bg4 19. Rdf1 Bxf3 20. Rxf3 Nxe5 21.
Rg3 c4 22. Be2 Rfe8 23. Nd5 Rac8 24. h4 Nd7 25. Bg4 Rcd8 26. Bxd7 Rxd7 27. Rg4
Re6 28. Rd1 f6 29. gxf6 Bxf6 30. e5 Bg7 31. Nb6 Rd8 32. Nxc4 d5 33. Nxa5 b6 34.
Nb3 Rxe5 35. e4 Bf6 36. exd5 Rdxd5 37. Rxd5 Rxd5 38. Nd4 Rh5 39. Nf3 Kg7 40.
Rb4 Rf5 41. Nd4 Rf2+ 42. Kb3 Rh2 43. Rxb6 Bxh4 44. a5 Rf2 45. a6 Rf8 46. Ne6+
Kf7 47. Nxf8 Kxf8 48. a7 Bf2 49. a8=Q+ Kg7 50. Rb7+ Kh6 51. Qf8+ Kh5 52. Rb5+
g5 53. Qf4 Kh6 54. Qxf2 Kh5 55. Qh2+ Kg6 56. Qe5 h6 57. Rb6+ Kh5 58. Qh2+ Kg4
59. Rf6 h5 60. Qe2+ Kh4 61. Rf1 1-0

[Event "DVM U14 2015"]
[Site "Verden/Aller GER"]
[Date "2015.12.27"]
[Round "1"]
[White "Rühl, Alexander"]
[Black "Fidlin, Simon"]
[Result "0-1"]
[Termination "normal"]
[Board "6.4"]
[WhiteElo "1550"]
[BlackElo "1450"]
[WhiteTeam "SC Landskrone"]
[BlackTeam "Karlsruher SF 1853"]
[PlyCount "112"]
[WhiteFideId "16204131"]
[BlackFideId "16217535"]
[EventCountry "GER"]
[EventRounds "7"]
[EventType "team-swiss"]
[EventDate "2015.12.26"]

1. e4 e6 2. d4 d5 3. e5 c5 4. c3 Nc6 5. Nf3 Qb6 6. Be2 Bd7 7. O-O Rc8 8. Re1 a6
9. b3 Qa7 10. Bb2 Nh6 11. Bd3 b5 12. h3 c4 13. Bc2 Be7 14. b4 O-O 15. Bc1 Nf5
16. Bxf5 exf5 17. a3 a5 18. Bb2 Ra8 19. Qd2 h6 20. Qc2 Be6 21. Nbd2 Qb7 22. Nf1
Qd7 23. Ng3 Na7 24. Nd2 Bd8 25. Nf3 Nc8 26. Nd2 Nb6 27. f4 Bh4 28. Kh2 Ra6 29.
Nf3 Be7 30. Ne2 Rfa8 31. Rec1 Na4 32. Kg1 Qc8 33. Ng3 R8a7 34. Kf1 Qa8 35. Rab1
g6 36. Kg1 axb4 37. axb4 Nxb2 38. Rxb2 Ra2 39. Rcb1 R7a3 40. Ne2 Qa4 41. Qxa4
bxa4 42. b5 Bc8 43. Nd2 Bb7 44. Kf1 g5 45. g3 h5 46. Kf2 h4 47. Kf3 Bc8 48.
gxh4 gxf4 49. Kxf4 Bxh4 50. b6 Bb7 51. Rxa2 Rxa2 52. Nf3 Bd8 53. Ke3 a3 54.
Neg1 Rb2 55. Ra1 Be7 56. Nd2 Bg5+ 0-1

[Event "DVM U14 2015"]
[Site "Verden/Aller GER"]
[Date "2015.12.27"]
[Round "1"]
[White "Enxing, Philemon"]
[Black "Garbuz, Vitaliy"]
[Result "0-1"]
[Termination "normal"]
[Board "7.1"]
[WhiteElo "1494"]
[BlackElo "1882"]
[WhiteTeam "SG Leipzig"]
[BlackTeam "SF Brackel 1930"]
[PlyCount "80"]
[WhiteFideId "16217632"]
[BlackFideId "12990710"]
[EventCountry "GER"]
[EventRounds "7"]
[EventType "team-swiss"]
[EventDate "2015.12.26"]

1. e4 c5 2. Nc3 Nc6 3. g3 e6 4. Bg2 a6 5. Nh3 g6 6. O-O Bg7 7. d3 Nge7 8. Be3
d6 9. Qd2 O-O 10. Bh6 b5 11. Bxg7 Kxg7 12. f4 Bd7 13. g4 f5 14. g5 Rc8 15. Rae1
b4 16. Nd1 a5 17. Ne3 Be8 18. Nf2 d5 19. e5 Rc7 20. Qd1 Bd7 21. h4 Bc8 22. Bf3
Ba6 23. b3 d4 24. Nc4 Nd5 25. Bxd5 Qxd5 26. Nb6 Qd8 27. Nh1 Ne7 28. Ng3 Ra7 29.
Na4 Qc7 30. Rf2 Nd5 31. Nf1 Bb7 32. Rh2 Nxf4 33. Nd2 Nd5 34. Nc4 Ne7 35. Nd6
Qc6 36. Rf1 Nd5 37. Nc4 Ne3 38. Nxe3 dxe3 39. d4 f4 40. Nxc5 f3 0-1

[Event "DVM U14 2015"]
[Site "Verden/Aller GER"]
[Date "2015.12.27"]
[Round "1"]
[White "Salem Elier, Ali"]
[Black "Mücka, Cedric"]
[Result "0-1"]
[Termination "normal"]
[Board "7.2"]
[WhiteElo "1567"]
[BlackElo "1397"]
[WhiteTeam "SF Brackel 1930"]
[BlackTeam "SG Leipzig"]
[PlyCount "121"]
[WhiteFideId "16217543"]
[BlackFideId "16217640"]
[EventCountry "GER"]
[EventRounds "7"]
[EventType "team-swiss"]
[EventDate "2015.12.26"]

1. e4 c5 2. d4 cxd4 3. c3 d3 4. Bxd3 g6 5. Ne2 Bg7 6. c4 Qb6 7. Nbc3 Nc6 8. O-O
Nf6 9. Be3 Qd8 10. Ng3 d6 11. Rc1 O-O 12. Qd2 Ne5 13. Be2 Be6 14. Nb5 a6 15.
Nd4 Qc8 16. Nxe6 Qxe6 17. f4 Nc6 18. f5 Qe5 19. Bd3 Ng4 20. Rc2 Nxe3 21. Qxe3
Qd4 22. Kf2 Nb4 23. Rd2 Qxe3+ 24. Kxe3 Bh6+ 25. Ke2 Bxd2 26. Kxd2 Nxd3 27. Kxd3
Rac8 28. Rf3 Rc6 29. Nf1 b5 30. Nd2 Rfc8 31. b3 bxc4+ 32. Nxc4 Rd8 33. Kd4 Kg7
34. g4 e6 35. fxg6 fxg6 36. h4 Rf8 37. Rxf8 Kxf8 38. Na5 Rc2 39. a4 Ke7 40. Ke3
h6 41. Kf3 Rc3+ 42. Kg2 Re3 43. e5 dxe5 44. g5 hxg5 45. hxg5 e4 46. Kf2 Rf3+
47. Kg2 Rc3 48. Kf2 Rc5 49. b4 Rxg5 50. Ke3 Rxa5 51. bxa5 Kf6 52. Kxe4 g5 53.
Kd4 g4 54. Ke4 Kg5 55. Ke3 g3 56. Kf3 Kh4 57. Kg2 e5 58. Kg1 Kh3 59. Kh1 e4 60.
Kg1 g2 61. Kf2 0-1

[Event "DVM U14 2015"]
[Site "Verden/Aller GER"]
[Date "2015.12.27"]
[Round "1"]
[White "Wang, Ruiming"]
[Black "Kartsev, Nikolaj"]
[Result "0-1"]
[Termination "normal"]
[Board "7.3"]
[WhiteElo "1355"]
[BlackElo "1700"]
[WhiteTeam "SG Leipzig"]
[BlackTeam "SF Brackel 1930"]
[PlyCount "71"]
[WhiteFideId "16217659"]
[BlackFideId "12939536"]
[EventCountry "GER"]
[EventRounds "7"]
[EventType "team-swiss"]
[EventDate "2015.12.26"]

1. e4 c5 2. c3 Nf6 3. e5 Nd5 4. d4 cxd4 5. cxd4 Nc6 6. Bc4 Nb6 7. Bb3 d6 8.
exd6 Qxd6 9. Nf3 Bg4 10. O-O e6 11. Be3 Be7 12. Nc3 O-O 13. h3 Bh5 14. Rc1 Rfd8
15. Qe2 Rac8 16. Rfd1 Nd5 17. Ne4 Qb8 18. a3 Bg6 19. Nc5 Nxe3 20. Qxe3 Bxc5 21.
dxc5 Rxd1+ 22. Rxd1 Rd8 23. Qe2 h6 24. Ba4 Rxd1+ 25. Qxd1 Qc7 26. Qd6 Qxd6 27.
cxd6 Nd8 28. Ne5 Be4 29. f3 Bc6 30. Bxc6 bxc6 31. Kf2 f6 32. Nc4 Kf7 33. Ke3 e5
34. Ke4 Ke6 35. Ne3 Nb7 36. d7 0-1

[Event "DVM U14 2015"]
[Site "Verden/Aller GER"]
[Date "2015.12.27"]
[Round "1"]
[White "Kracht, Raphael"]
[Black "Liedtke, Sebastian"]
[Result "1-0"]
[Termination "normal"]
[Board "7.4"]
[WhiteElo "1689"]
[BlackElo "1315"]
[WhiteTeam "SF Brackel 1930"]
[BlackTeam "SG Leipzig"]
[PlyCount "41"]
[WhiteFideId "16214382"]
[BlackFideId "16217667"]
[EventCountry "GER"]
[EventRounds "7"]
[EventType "team-swiss"]
[EventDate "2015.12.26"]

1. e4 d6 2. d4 Nf6 3. Nc3 g6 4. f4 Bg7 5. Nf3 O-O 6. e5 Ne8 7. Bc4 e6 8. O-O d5
9. Bd3 b6 10. b3 Bb7 11. Ba3 c5 12. dxc5 Nc6 13. cxb6 Ne7 14. bxa7 Rxa7 15. Bc5
Ra5 16. b4 Ra8 17. a4 f6 18. Qe1 f5 19. Qh4 Rf7 20. Ng5 Nc6 21. Qxh7# 1-0

[Event "DVM U14 2015"]
[Site "Verden/Aller GER"]
[Date "2015.12.27"]
[Round "1"]
[White "Kopylov, Daniel"]
[Black "Merx, Florian"]
[Result "1-0"]
[Termination "normal"]
[Board "8.1"]
[WhiteElo "1966"]
[BlackElo "1628"]
[WhiteTeam "TuRa Harksheide Norderstedt"]
[BlackTeam "SV Empor Erfurt"]
[PlyCount "57"]
[WhiteFideId "12921971"]
[BlackFideId "16212304"]
[EventCountry "GER"]
[EventRounds "7"]
[EventType "team-swiss"]
[EventDate "2015.12.26"]

1. e4 e5 2. Nf3 Nc6 3. d4 exd4 4. Nxd4 Bc5 5. Nb3 Bb6 6. Nc3 d6 7. Qe2 Nge7 8.
Be3 Be6 9. O-O-O Qd7 10. h3 O-O-O 11. f4 f6 12. Qf2 Bxe3+ 13. Qxe3 Kb8 14. Bb5
Qc8 15. Nd4 Nxd4 16. Rxd4 c6 17. Be2 d5 18. Qg3 g6 19. f5+ Ka8 20. fxe6 Qxe6
21. exd5 Nxd5 22. Nxd5 Rxd5 23. Bc4 Qe5 24. Qxe5 Rxe5 25. Rhd1 a6 26. Rd7 Rhe8
27. Rxh7 R5e7 28. Rxe7 Rxe7 29. Bd3 1-0

[Event "DVM U14 2015"]
[Site "Verden/Aller GER"]
[Date "2015.12.27"]
[Round "1"]
[White "Finke, Daniel"]
[Black "Oganessjan, Artur"]
[Result "0-1"]
[Termination "normal"]
[Board "8.2"]
[WhiteElo "1342"]
[BlackElo "1815"]
[WhiteTeam "SV Empor Erfurt"]
[BlackTeam "TuRa Harksheide Norderstedt"]
[PlyCount "84"]
[WhiteFideId "16217675"]
[BlackFideId "12986062"]
[EventCountry "GER"]
[EventRounds "7"]
[EventType "team-swiss"]
[EventDate "2015.12.26"]

1. e4 c5 2. Nf3 d6 3. d4 cxd4 4. Nxd4 Nf6 5. Nc3 Nc6 6. Be3 g6 7. Be2 Bg7 8. f3
Bd7 9. Qd2 h5 10. O-O O-O 11. Nb3 Rc8 12. Rad1 a6 13. Kh1 b5 14. Nd5 Nxd5 15.
exd5 Ne5 16. c3 Nc4 17. Qc1 Nxe3 18. Qxe3 a5 19. Nd4 b4 20. cxb4 axb4 21. Rd2
Re8 22. Nc6 Bxc6 23. dxc6 Qa5 24. b3 Rxc6 25. Bc4 e6 26. Rfd1 Rd8 27. Qf4 d5
28. Qg5 Rdc8 29. Be2 Rc2 30. Qe3 Qxa2 31. h3 R8c3 32. Bd3 Rxd2 33. Qxd2 Qxb3
34. Be2 Rc2 35. Qe1 Qb2 36. Bf1 b3 37. Rb1 Qc3 38. Qd1 b2 39. Kg1 Rc1 40. Rxc1
bxc1=Q 41. Qe2 Bd4+ 42. Kh2 Q3e1 0-1

[Event "DVM U14 2015"]
[Site "Verden/Aller GER"]
[Date "2015.12.27"]
[Round "1"]
[White "Köhler, Inken"]
[Black "Lautenbach, Max"]
[Result "1-0"]
[Termination "normal"]
[Board "8.3"]
[WhiteElo "1836"]
[BlackElo "1284"]
[WhiteTeam "TuRa Harksheide Norderstedt"]
[BlackTeam "SV Empor Erfurt"]
[PlyCount "105"]
[WhiteFideId "12929301"]
[BlackFideId "16217683"]
[EventCountry "GER"]
[EventRounds "7"]
[EventType "team-swiss"]
[EventDate "2015.12.26"]

1. e4 e5 2. Nf3 Nc6 3. d4 exd4 4. Nxd4 Bc5 5. Nb3 Be7 6. Nc3 Nf6 7. Bf4 d6 8.
Be2 O-O 9. Qd2 Re8 10. O-O-O a6 11. f3 Be6 12. g4 b5 13. h4 Nd7 14. g5 Nce5 15.
Bxe5 dxe5 16. Nd5 Bxd5 17. Qxd5 Bd6 18. Na5 Nb6 19. Qb3 c5 20. Nb7 Qc7 21. Nxd6
Red8 22. Nf5 c4 23. Qb4 Na4 24. Rxd8+ Rxd8 25. Rd1 Rxd1+ 26. Bxd1 Nc5 27. Ne3
Qa7 28. Nd5 Kh8 29. a4 bxa4 30. Qb6 Qxb6 31. Nxb6 Ne6 32. Nxc4 f6 33. gxf6 gxf6
34. Nd6 Nf4 35. Ne8 Nh5 36. c4 Kg8 37. c5 Kf8 38. Bxa4 Ke7 39. c6 Kd8 40. c7+
Kc8 41. Bb3 Nf4 42. Bc4 Kd7 43. Bxa6 Kxe8 44. c8=Q+ Ke7 45. Bc4 h5 46. Qc7+ Ke8
47. Qf7+ Kd8 48. Bb5 Kc8 49. Qd7+ Kb8 50. Ba6 Nd3+ 51. Bxd3 f5 52. Ba6 f4 53.
Qb7# 1-0

[Event "DVM U14 2015"]
[Site "Verden/Aller GER"]
[Date "2015.12.27"]
[Round "1"]
[White "Niebur, Thorben Carl"]
[Black "Bahde, Thiemo"]
[Result "1/2-1/2"]
[Termination "normal"]
[Board "8.4"]
[WhiteElo "1193"]
[BlackElo "1113"]
[WhiteTeam "SV Empor Erfurt"]
[BlackTeam "TuRa Harksheide Norderstedt"]
[PlyCount "50"]
[WhiteFideId "16217691"]
[BlackFideId "16205537"]
[EventCountry "GER"]
[EventRounds "7"]
[EventType "team-swiss"]
[EventDate "2015.12.26"]

1. e4 e5 2. Nf3 Nc6 3. d4 exd4 4. Nxd4 Bc5 5. Be3 d6 6. Nxc6 bxc6 7. Bxc5 dxc5
8. Qxd8+ Kxd8 9. Nc3 Rb8 10. Rb1 Nf6 11. Bc4 Ke7 12. Bb3 Re8 13. O-O Kf8 14.
Rfe1 Rb4 15. f3 Nd7 16. a3 Rd4 17. Rbd1 Nb6 18. Ne2 Rd6 19. Nf4 Red8 20. Rxd6
cxd6 21. c4 Ba6 22. Rc1 g5 23. Nd3 h6 24. f4 gxf4 25. Nxf4 Re8 1/2-1/2

[Event "DVM U14 2015"]
[Site "Verden/Aller GER"]
[Date "2015.12.27"]
[Round "1"]
[White "Bold, Andre"]
[Black "Silber, Kevin"]
[Result "0-1"]
[Termination "normal"]
[Board "9.1"]
[WhiteElo "1981"]
[BlackElo "1836"]
[WhiteTeam "SC 1975 Bann"]
[BlackTeam "Delmenhorster SK V 1931"]
[PlyCount "65"]
[WhiteFideId "16208471"]
[BlackFideId "12930440"]
[EventCountry "GER"]
[EventRounds "7"]
[EventType "team-swiss"]
[EventDate "2015.12.26"]

1. Nf3 Nf6 2. g3 g6 3. Bg2 Bg7 4. O-O O-O 5. c4 d6 6. Nc3 Nc6 7. a3 e5 8. d3 a6
9. Rb1 Rb8 10. Bg5 h6 11. Bxf6 Bxf6 12. Nd5 Bg7 13. b4 Ne7 14. Qc2 Be6 15. Nd2
c6 16. Nxe7+ Qxe7 17. e4 Qd7 18. Nb3 f5 19. f3 h5 20. Rbd1 Qf7 21. f4 Qe7 22.
d4 exf4 23. gxf4 fxe4 24. Qxe4 Qf7 25. Na5 Rbe8 26. Qc2 Bg4 27. Rd2 Qe7 28.
Qxg6 Qe3+ 29. Rdf2 Re6 30. Qg5 Kh7 31. Qh4 Bxd4 32. Qg3 Rxf4 33. Nb3 0-1

[Event "DVM U14 2015"]
[Site "Verden/Aller GER"]
[Date "2015.12.27"]
[Round "1"]
[White "Sinnhöfer, Jonas"]
[Black "Schindler, Till"]
[Result "1-0"]
[Termination "normal"]
[Board "9.2"]
[WhiteElo "1741"]
[BlackElo "1318"]
[WhiteTeam "Delmenhorster SK V 1931"]
[BlackTeam "SC 1975 Bann"]
[PlyCount "113"]
[WhiteFideId "12982938"]
[BlackFideId "16217705"]
[EventCountry "GER"]
[EventRounds "7"]
[EventType "team-swiss"]
[EventDate "2015.12.26"]

1. e4 e5 2. Nf3 Nc6 3. Bb5 Nge7 4. d4 a6 5. Bxc6 Nxc6 6. d5 Na7 7. O-O d6 8. c4
c6 9. Nc3 Bg4 10. Qd3 Be7 11. b3 O-O 12. h3 Bh5 13. Ne1 Bg6 14. Be3 f5 15. f3
Nc8 16. Rd1 c5 17. Nc2 Nb6 18. a3 Nd7 19. b4 b6 20. a4 f4 21. Bf2 Bh4 22. Ra1
Bxf2+ 23. Kxf2 Rf6 24. b5 a5 25. Rh1 Bf7 26. Rag1 Rh6 27. Qf1 Qg5 28. Ke2 Rf8
29. Kd3 Nf6 30. Ne2 Nh5 31. Qf2 Be8 32. g3 Rg6 33. g4 Nf6 34. h4 Qh6 35. g5 Qh5
36. gxf6 Rfxf6 37. Rxg6 Bxg6 38. Ng1 h6 39. Ne2 Bh7 40. Na1 Rg6 41. Nb3 Rf6 42.
Nbc1 Rg6 43. Kc2 Kf7 44. Nd3 Rf6 45. Rg1 Kg8 46. Rg2 Bg6 47. Qg1 Kh7 48. Rg4
Kh8 49. Nexf4 exf4 50. Nxf4 Bxe4+ 51. fxe4 Qf7 52. Qg3 Kg8 53. Kd3 h5 54. Rxg7+
Qxg7 55. Qxg7+ Kxg7 56. Nxh5+ Kg6 57. Nxf6 1-0

[Event "DVM U14 2015"]
[Site "Verden/Aller GER"]
[Date "2015.12.27"]
[Round "1"]
[White "Rabe, Maximilian"]
[Black "Wenzel, Sander"]
[Result "1-0"]
[Termination "normal"]
[Board "9.4"]
[WhiteElo "1204"]
[BlackElo "1145"]
[WhiteTeam "Delmenhorster SK V 1931"]
[BlackTeam "SC 1975 Bann"]
[PlyCount "57"]
[WhiteFideId "12982911"]
[BlackFideId "16217721"]
[EventCountry "GER"]
[EventRounds "7"]
[EventType "team-swiss"]
[EventDate "2015.12.26"]

1. e4 e5 2. Nf3 d6 3. Bc4 Be6 4. Bb3 Nf6 5. Nc3 Nc6 6. d3 g6 7. O-O Bg7 8. Be3
Qd7 9. Ba4 a6 10. d4 exd4 11. Nxd4 O-O 12. Qf3 d5 13. Nxc6 bxc6 14. exd5 Bxd5
15. Nxd5 Nxd5 16. Rad1 Qe6 17. Bxc6 Qxc6 18. Qxd5 Qxc2 19. Rd2 Qa4 20. Rc1 Rac8
21. b3 Qb5 22. Qxb5 axb5 23. Rc5 c6 24. Rdc2 Rfd8 25. f3 Rd6 26. Rxb5 cxb5 27.
Rxc8+ Bf8 28. Bh6 f6 29. Rxf8# 1-0

[Event "DVM U14 2015"]
[Site "Verden/Aller GER"]
[Date "2015.12.27"]
[Round "1"]
[White "Schede, John"]
[Black "Schlangenotto, Niklas"]
[Result "1-0"]
[Termination "normal"]
[Board "10.2"]
[WhiteElo "1249"]
[BlackElo "1661"]
[WhiteTeam "SK Freiburg Zähringen 1887"]
[BlackTeam "SK Blauer Springer Paderborn 1926"]
[PlyCount "97"]
[WhiteFideId "16217756"]
[BlackFideId "16217560"]
[EventCountry "GER"]
[EventRounds "7"]
[EventType "team-swiss"]
[EventDate "2015.12.26"]

1. d4 Nf6 2. c4 g6 3. Nc3 Bg7 4. e4 d6 5. Be3 O-O 6. f3 Nc6 7. Bd3 e5 8. d5 Ne7
9. Nge2 h6 10. Qd2 Kh7 11. O-O Ne8 12. Ng3 f5 13. exf5 Nxf5 14. Nxf5 Bxf5 15.
Be2 g5 16. Ne4 Nf6 17. Bd3 Bg6 18. Qc2 Nxe4 19. Bxe4 Qf6 20. b4 Rf7 21. c5 b6
22. a4 Raf8 23. a5 b5 24. a6 Bxe4 25. Qxe4+ Qf5 26. c6 Kh8 27. Bxa7 Qc8 28. Be3
Rf5 29. a7 Qa8 30. Ra5 h5 31. Rxb5 g4 32. Rb7 R5f7 33. Rf2 g3 34. hxg3 Bf6 35.
b5 h4 36. gxh4 Rh7 37. Bg5 Bxg5 38. hxg5 Rg8 39. g4 Qf8 40. Rb8 Qg7 41. a8=Q
Rh4 42. Rxg8+ Qxg8 43. Qxg8+ Kxg8 44. Rh2 Rxh2 45. Kxh2 Kg7 46. Qf5 e4 47. fxe4
Kg8 48. g6 Kg7 49. g5 1-0

[Event "DVM U14 2015"]
[Site "Verden/Aller GER"]
[Date "2015.12.27"]
[Round "1"]
[White "Wanke, Mathis"]
[Black "Spillner, Ladis"]
[Result "1/2-1/2"]
[Termination "normal"]
[Board "10.3"]
[WhiteElo "1544"]
[BlackElo "1301"]
[WhiteTeam "SK Blauer Springer Paderborn 1926"]
[BlackTeam "SK Freiburg Zähringen 1887"]
[PlyCount "90"]
[WhiteFideId "16217578"]
[BlackFideId "16217764"]
[EventCountry "GER"]
[EventRounds "7"]
[EventType "team-swiss"]
[EventDate "2015.12.26"]

1. d4 Nf6 2. Nf3 g6 3. g3 Bg7 4. Bg2 d6 5. O-O O-O 6. c4 Na6 7. Nc3 c5 8. d5
Bf5 9. Nh4 Bd7 10. Re1 Ne8 11. e4 f5 12. exf5 Bxf5 13. Nxf5 Rxf5 14. Bh3 Rf8
15. Qe2 Bf6 16. Ne4 Ng7 17. Ng5 Nc7 18. Nf3 b6 19. g4 e5 20. Rb1 Qd7 21. Kg2
Qa4 22. b3 Qe8 23. Ng5 Qe7 24. Ne4 g5 25. Kg1 h6 26. Bg2 Rad8 27. Ng3 Qf7 28.
Be4 Be7 29. Qc2 Nce8 30. h3 Rb8 31. Re3 Bf6 32. Bg6 Qe7 33. Bh7+ Kh8 34. Qg6
Nh5 35. Qxh6 Qxh7 36. Qxh7+ Kxh7 37. Nxh5 Ng7 38. Nxf6+ Rxf6 39. Re2 Kg6 40.
Kg2 Rbf8 41. Rbb2 Rf3 42. Re3 R3f4 43. Ree2 Rf3 44. Re3 R3f4 45. Ree2 Rf3
1/2-1/2

[Event "DVM U14 2015"]
[Site "Verden/Aller GER"]
[Date "2015.12.27"]
[Round "1"]
[White "Schede, Wolf"]
[Black "Müller, Noah"]
[Result "0-1"]
[Termination "normal"]
[Board "10.4"]
[WhiteElo "1062"]
[BlackElo "1619"]
[WhiteTeam "SK Freiburg Zähringen 1887"]
[BlackTeam "SK Blauer Springer Paderborn 1926"]
[PlyCount "58"]
[WhiteFideId "16217772"]
[BlackFideId "16217586"]
[EventCountry "GER"]
[EventRounds "7"]
[EventType "team-swiss"]
[EventDate "2015.12.26"]

1. e4 d5 2. exd5 Qxd5 3. Nc3 Qa5 4. Nf3 Nf6 5. Bc4 Bf5 6. O-O e6 7. d3 c6 8.
Bb3 Be7 9. Re1 Nbd7 10. Bd2 Qc7 11. Ne2 O-O 12. Ng3 Bg6 13. Bc3 Bd6 14. Qe2 Nd5
15. Bd2 N7f6 16. Ne5 Rfe8 17. Nxg6 hxg6 18. Qf3 Rad8 19. c4 Nb4 20. a3 Nxd3 21.
Qxd3 Bxg3 22. Qxg3 Qxg3 23. hxg3 Rxd2 24. Rab1 Red8 25. Bd1 R8d4 26. Be2 Ne4
27. Red1 Kf8 28. Bf3 Nxf2 29. b4 Nxd1 0-1

[Event "DVM U14 2015"]
[Site "Verden/Aller GER"]
[Date "2015.12.27"]
[Round "2"]
[White "Garbuz, Vitaliy"]
[Black "Roseneck, Jonas"]
[Result "1/2-1/2"]
[Termination "normal"]
[Board "1.1"]
[WhiteElo "1882"]
[BlackElo "2021"]
[WhiteTeam "SF Brackel 1930"]
[BlackTeam "SG Aufbau Elbe Magdeburg"]
[PlyCount "114"]
[WhiteFideId "12990710"]
[BlackFideId "12939870"]
[EventCountry "GER"]
[EventRounds "7"]
[EventType "team-swiss"]
[EventDate "2015.12.26"]

1. e4 c5 2. d4 cxd4 3. c3 Nf6 4. e5 Nd5 5. Nf3 d6 6. exd6 Qxd6 7. Nxd4 a6 8.
Na3 e6 9. Nc4 Qc7 10. a4 Be7 11. Bd3 Nd7 12. O-O N7f6 13. Qf3 O-O 14. Re1 b6
15. Ne5 Bd6 16. Qe2 Bb7 17. Bd2 Rfe8 18. Rac1 Rad8 19. Ndf3 a5 20. Bb5 Rf8 21.
Nd4 Bxe5 22. Qxe5 Qxe5 23. Rxe5 Ng4 24. Re2 Rd6 25. f3 Ngf6 26. Be1 Nf4 27. Rd2
Rfd8 28. Rcd1 Ng6 29. Bf2 Rc8 30. Nb3 Rxd2 31. Rxd2 Bd5 32. c4 Rxc4 33. Bxc4
Bxc4 34. Nd4 Kf8 35. Rc2 Bd5 36. Rc3 Nd7 37. Nc6 Nf4 38. Kf1 Ng6 39. Nb8 Nge5
40. Nxd7+ Nxd7 41. Ke2 Ke7 42. Kd2 Kd6 43. Kc2 g6 44. b3 e5 45. Be3 f6 46. Kb2
h5 47. h4 f5 48. Ka3 f4 49. Bf2 e4 50. fxe4 Bxe4 51. Rc4 Bxg2 52. Rxf4 Bd5 53.
Bd4 Be6 54. b4 Ne5 55. Bxb6 axb4+ 56. Rxb4 Nc4+ 57. Rxc4 Bxc4 1/2-1/2